• 首页
  • 本馆介绍
  • 公告通知
  • 最新文献
  • 馆藏检索
  • 电子资源
  • 读者导购
  • 参考咨询
  • 我的图书馆
  • 登录
  • 详细信息显示
  • 放入我的书架
  • 预约/预借图书
  • 作者相关作品
  • 分类相关作品
  • 丛书相关作品
  • 出版社相关作品

书目信息

  • 表格格式
  • 工作单格式
  • 卡片格式
题名:
中国当代乡土作家作品选
    
 
作者: 也夫 主编
分册: 第二辑  
出版信息: 成都   四川民族出版社  2019
页数: 116页
开本: 24cm
丛书名: 惟文书香
单 册:
中图分类: I217.61
科图分类:
主题词: 中国文学--当代文学--作品集
电子资源:
ISBN: 978-7-5409-8090-0
000 00722nam0 2200241 45
001 012001010307
005 20191202095121.75
010    @a978-7-5409-8090-0@dCNY28.00
100    @a20190531d2019 em y0chiy50 ea
101 0  @achi
102    @aCN@b510000
105    @ay z 000zy
106    @ar
200 1  @a中国当代乡土作家作品选@9zhong guo dang dai xiang tu zuo jia zuo pin xuan@h第二辑@b专著@f也夫主编
210    @a成都@c四川民族出版社@d2019
215    @a116页@d24cm
225 1  @a惟文书香@h第五辑@f陈清龙主编
304    @a分辑号取自书脊
606 0  @a中国文学@x当代文学@x作品集
690    @aI217.61@v5
701  0 @a也夫@9ye fu@4主编
801  2 @aCN@b上海新华@c20191020
905    @b1181300-3@dI217.61@e1002:2@f4
    
    中国当代乡土作家作品选.第二辑/也夫主编.-成都:四川民族出版社,2019
    116页;24cm.-(惟文书香.第五辑/陈清龙主编)
    
    
    ISBN 978-7-5409-8090-0:CNY28.00
    
●
相关链接 在E读中查询图书 在五车中查询图书 在当当中查询图书 在豆瓣中查询图书


正题名:中国当代乡土作家作品选     索取号:I217.61/1002:2         预约/预借

序号 登录号 条形码 馆藏地/架位号 状态 备注
1 1181300   211813000   第一样本阅览室/ [索取号:I217.61/1002:2] 在馆    
2 1181301   211813019   第二借阅区/ [索取号:I217.61/1002:2] 在馆    
3 1181302   211813028   第二借阅区/ [索取号:I217.61/1002:2] 在馆    
4 1181303   211813037   第二借阅区/ [索取号:I217.61/1002:2] 在馆    
唐山师范学院图书馆 欢迎您!
大连网信软件有限公司© 版权所有